[Event "POL-chT3 2010/11"]
[Site "Wielkopolska"]
[Date "2011.02.14"]
[Round "6"]
[White "Hanusek, Slawomir"]
[Black "Slavov, Wiktor"]
[Result "1/2-1/2"]
[WhiteElo "1780"]
[BlackElo "1547"]
[PlyCount "45"]
[EventDate "2010.11.28"]
[EventType "team-tourn"]
[EventRounds "11"]
[EventCountry "POL"]
[SourceTitle "EXT 2019"]
[Source "ChessBase"]
[SourceDate "2018.10.10"]
[SourceVersion "1"]
[SourceVersionDate "2018.10.10"]
[SourceQuality "1"]
[WhiteTeam "Wolsztyn UKS Szach"]
[BlackTeam "Koscian Tecza"]
[WhiteTeamCountry "POL"]
[BlackTeamCountry "POL"]

1. e4 e5 2. Nf3 Nc6 3. d4 exd4 4. Bc4 Bb4+ 5. c3 Ba5 6. b4 Bb6 7. cxd4 d6 8. Bb2 Bg4 9. Bb5 Qf6 10. Nbd2 Nge7 11. h3 Bxf3 12. Nxf3 Qg6 13. Qe2 0-0 14. a3 Rfe8 15. Bc4 d5 16. Bd3 dxe4 17. Bxe4 Qd6 18. Qd3 f5 19. Bxc6 Nxc6+ 20. Kf1 Rad8 21. Rd1 Qd5 22. b5 Nxd4 23. a4 1/2-1/2